00593nam a2200169Ia 4500008004100000020001800041040001300059082001400072100002600086245009600112260004200208300006100250500005000311650002400361650001400385700002400399191130s2009##################000#0#eng## a9780199570300 aACLcACL a591.7 TEL aTelford, Maximilian J aAnimal evolution : genomes, fossils, and treescMaximilian J. Telford and D.T.J. Littlewood aOxfordbOxford University Pressc2009 axvi, 245 p., [8] p. of plates : ill. (some col.) ; 25 cm aIncludes bibliographical references and index aEvolution (Biology) aPhylogeny aLittlewood, D. T. J